Responses for Show #7806 - Monday, July 16, 2018

Contestants

[<< previous game]

Rebecca Smith, a certified massage therapist from Minneapolis, Minnesota

Niraj Dhami, an I.T. project manager from Redondo Beach, California

Michelle Cabral, an elementary school music teacher from Toronto, Ontario, Canada (whose 2-day cash winnings total $36,600)

[next game >>]

Jeopardy! Round responses

DOUBLE-LETTER STATE CAPITALS
MOVIE MAGIC
4, 4
(Alex: Each correct response will be two words of four letters each.)
BIRTHDAY PARTY
CAKE
THE BOUNCY CASTLE
    $200 26
Nashville

Niraj
    $200 1
Penn and Teller

Michelle
    $200 16
the area code

Rebecca
    $200 11
Newton

Rebecca
    $200 6
angelfood cake

Michelle
    $200 21
Edinburgh

Niraj
    $400 27
Annapolis

Rebecca
    $400 2
the Sorcerer's Apprentice (or Mickey Mouse)

Rebecca
    $400 17
boot camp

Triple Stumper
    $400 12
Marley

Rebecca
    $400 7
Black Forest cake

Rebecca
    $400 22
Romania

Niraj
    $600 28
Harrisburg

Niraj
    $600 3
(Steve) Carell

Rebecca
    $600 18
blue book

Niraj
    $600 13
(Simone) Biles

Niraj
    $600 8
marble

Niraj
    $600 23
Richard the Lionheart

Triple Stumper
    $3,200 29
(Alex: Niraj?)
(Niraj: Uh...)
...
[The end-of-round signal sounds.]

Jefferson City

Niraj
    $800 4
(Hugh) Jackman and (Christian) Bale

Niraj
    $800 19
a king crab

Michelle
    $800 14
(Niraj: Who's Scott?)

(Frederick) Douglass

NirajRebecca
    $800 9
fruitcake

Niraj
    $800 24
(Alex: Less than a minute now.)

the Red Army

Niraj
    $1000 5
Vincent Price

Michelle
    $1000 20
(Michelle: What is the Republican party?)

the Free Soil party

MichelleNiraj
    $1000 15
(Walter) Mondale

Niraj
    $1000 10
red velvet cake

Michelle
    $1000 25
the Alhambra

Rebecca

Scores at the first commercial break (after clue 15):

Michelle Niraj Rebecca
$2,400 $3,000 $2,800

Scores at the end of the Jeopardy! Round:

Michelle Niraj Rebecca
$2,200 $3,600 $4,400

Double Jeopardy! Round responses

DESIGN ACROSS AMERICA
(Alex: Each clue will be delivered or presented by reporters from our affiliated stations.)
WORLD WAR II SLANG
GEORGE WASHINGTON CARVER
IT'S ALWAYS "ME", "ME"
GERMAN WRITERS
CELEBRITY POSSESSIVES
(Alex: Let me give you an example of that. "Short poems by a female country singer." The correct response would be "What is LeAnn's rhymes?")
    $400 11
Brown

Niraj
    $400 6
an infantryman

Triple Stumper
    $400 21
Booker T. Washington

Triple Stumper
    $400 1
cameramen

Rebecca
    $400 16
Johnny's cash

Michelle
    $800 12
Art Deco

Michelle
    $800 7
a machine gun

Triple Stumper
    $800 22
cotton

Rebecca
    $800 2
a memento

Michelle
    $800 17
(Michelle: What is Tom's cruises? Cruise?)
(Alex: [Overlapping] Nope. That's it, yeah.)

Tom's cruise

Michelle
    $1200 13
(Michelle: What is the PWA?)

the WPA

Michelle
Triple Stumper
    $1200 8
Mae West

Rebecca
    $3,000 23
Agriculture

Rebecca
    $1200 3
mesmerize

Rebecca
    $1200 26
Hesse

Niraj
    $1200 18
Wolfgang's puck

Michelle
    $1600 14
the High Line

Rebecca
    $1600 9
a depth charge

Niraj
    $1600 24
polio

Michelle
    $1600 4
meddlesome

Rebecca
    $3,200 28
(Niraj: What is the mousetrap?)
...
[The end-of-round signal sounds.]

the nutcracker

Niraj
    $1600 19
Shirley's temple

Michelle
    $2000 15
Queen Anne

Michelle
    $2000 10
Gibson girls

Michelle
    $2000 25
(Alex: With less than a minute now.)

mycology

Rebecca
    $2000 5
a megamerger

Niraj
    $2000 27
(Rebecca: Who is Leo?)
(Niraj: Who is Clement?)

Pope Pius XII

NirajRebecca
Triple Stumper
    $2000 20
[Applause for Michelle running the category]

George's burns

Michelle

Scores at the end of the Double Jeopardy! Round:

Michelle Niraj Rebecca
$14,200 $3,600 $14,200

[wagering suggestions for these scores]

Final Jeopardy! Round responses

EXPLORERS
(Alex: [To Niraj] The two people were standing in Panama, and you are right. Looking at the Pacific, or were going to look at the Pacific Ocean.)
NirajWho is Balboa
$3,599
RebeccaWho is Cortes
$14,200
MichelleWho is Jolliet?
$4,107
Vasco Núñez de Balboa

Final scores:

Michelle Niraj Rebecca
$10,093 $7,199 $0
3-day champion: $46,693 2nd place: $2,000 3rd place: $1,000

Game dynamics:

Coryat scores:

Michelle Niraj Rebecca
$14,200 $10,000 $12,400
15 R,
2 W
16 R,
4 W
(including 2 DDs)
17 R
(including 1 DD),
1 W

Combined Coryat: $36,600

[game clues] [game scores] [suggest correction]

Game tape date: 2018-04-03
The J! Archive is created by fans, for fans. Scraping, republication, monetization, and malicious use prohibited; this site may use cookies and collect identifying information. See terms. The Jeopardy! game show and all elements thereof, including but not limited to copyright and trademark thereto, are the property of Jeopardy Productions, Inc. and are protected under law. This website is not affiliated with, sponsored by, or operated by Jeopardy Productions, Inc. Join the discussion at JBoard.tv.